English for chemistry students

Bibliographic Details
Main Authors: Kordíková, Barbara (Author), Cihová, Jarmila, 1957- (Author), Dugovičová, Štefánia (Author)
Format: Book
Language:English
PhysicalDescription:159 s. fotogr., ilustr., sch., tab. 29 cm
Published: V Bratislave Univerzita Komenského v Bratislave Vydavateľstvo UK 2016
ISBN:9788022340861
Edition:2. vyd.
Subjects:

MARC

LEADER 00000cam a2200000 a 4500
001 vtls011570127
003 SK-MaSNL
005 20260425233235.0
008 240318s2016 xo oa e n 000 0 eng
015 |a SNBA2016/08 
020 |a 9788022340861  |q (brož.) 
035 |a B644BBEB-AF09-4BAF-B4BD-E7D0EF1D8D5A 
035 |a urn:nbn:sk:snk-amthiy 
035 |a urn:nbn:sk:snk-am00boq6 
040 |a SNK  |b slo  |c SNK  |e AACR2 
041 0 |a eng 
044 |a xo  |c SK 
072 7 |a 811.111  |x Angličtina  |2 konspekt 
080 |a 811.111  |2 2011 
080 |a 54  |2 2011 
080 |a 81'373.46  |2 2011 
080 |a (075.8)  |2 2011 
100 1 |a Kordíková, Barbara  |4 aut  |9 335580 
245 1 0 |a English for chemistry students  |c Barbara Kordíková, Jarmila Cihová, Štefánia Dugovičová 
250 |a 2. vyd. 
260 |a V Bratislave  |b Univerzita Komenského v Bratislave  |b Vydavateľstvo UK  |c 2016 
300 |a 159 s.  |b fotogr., ilustr., sch., tab.  |c 29 cm 
366 |e 150 výt. 
504 |a Bibliogr.: s. 158-159 ; slov. 
650 0 7 |a angličtina  |2 SNKPH  |9 1260 
650 0 7 |a chémia  |2 SNKPH  |9 749 
650 0 7 |a odborná terminológia  |2 SNKPH  |9 3616 
650 0 7 |a English language  |2 SNKPHeng  |9 279139 
650 0 7 |a Chemistry  |2 SNKPHeng  |9 265248 
650 0 7 |a Terminology (professional)  |2 SNKPHeng  |9 90966 
655 7 |a učebnice vysokých škôl  |2 SNKPH  |9 70191 
655 7 |a Textbooks (higher)  |2 SNKPHeng  |9 276436 
700 1 |a Cihová, Jarmila,  |d 1957-  |4 aut  |9 98104 
700 1 |a Dugovičová, Štefánia  |4 aut  |9 43506 
752 |a Slovensko  |d Bratislava 
852 |a Štátna vedecká knižnica v Banskej Bystrici 
919 |a 978-80-223-4086-1 
958 |a NB 
999 |c 760554  |d 762484 
952 |a SNK  |b SNK  |y PREZ  |7 0  |p 17A1208845  |o snkSB 90468  |i snk2016/18202  |8 0  |0 0  |1 0  |4 0  |d 2016-07-29  |f 1  |l 0  |r 2025-05-13 00:00:00  |w 2026-02-24 
952 |a SNK  |b SNK  |y VYP  |7 0  |p 17A1208846  |o snkSB 90468 D1  |i snk2016/18203  |8 0  |0 0  |1 0  |4 0  |d 2016-07-29  |l 0  |r 2026-02-24 00:02:52  |w 2026-02-24